00833nac a22002291u 4500010001400000020002500014022002200039082001800061090001500079100003400094245006800128250001200196260008600208300003700294500002700331511002800358650004200386700002200428942002000450999001500470952011800485 a013279048 a9780471464808 (hbk.) a0471464805 (hbk.) a660.2842bSEA c8186d8186 aSeader, J. D.  aSeparation process principles /cJ.D. Seader, Ernest J. Henley. a2nd ed. aHoboken, N.J. : Wiley ; Chichester :b John Wiley [distributor], C.2005.cC.2005. axxxiv, 756 p. :b ill. ;c29 cm. aDistributer: Al-Ahram. aCatalogued By: Mahitab. aSeparation (Technology) -- Textbooks. aHenley, Ernest J. cBBk660.2842SEA c8186d8186 00104070aMAINbMAINc1STd2008-02-27ePurchasel3o660.2842SEAp000009982r2025-07-15 00:00:00s2018-04-05yBB